Administrative Divisions of Shaanxi - Statistics

General Stats
  • This quiz has been taken 9 times
  • The average score is 7 of 10
Answer Stats
City % Correct
Xi'an
100%
Yan'an
100%
Baoji
75%
Hanzhong
75%
Tongchuan
75%
Xianyang
75%
Yulin
75%
Weinan
63%
Ankang
50%
Shangluo
50%
No matching quizzes found
Score Distribution
Percent of People with Each Score
Percentile by Number Answered
Your Score History
You have not taken this quiz